El cuento contemporáneo de Santiago (1980-2005) / (Registro nro. 7595)

Detalles MARC
000 -LIDER
fixed length control field 01478nam a2200301 a 4500
001 - NÚMERO DE CONTROL
Identificador de número de control
003 - IDENTIFICACDOR DE NÚMERO DE CONTROL
control field DO-SdBNP
005 - DATE AND TIME OF LATEST TRANSACTION
control field 20240524101851.0
007 - CAMPOS FIJOS DE DESCRIPCIÓN FÍSICA
fixed length control field 000008388
008 - ELEMENTOS DE LONGITUD FIJA
fixed length control field 090916s2005 dr 000 j spa d
020 ## - ISBN
International Standard Book Number 9993442402
040 ## - FUENTE DE CATALOGACIÓN
Agencia que crea de manera original el registro BPMSU
Idioma de catalogación spa
Agencia que realiza la transcripción BPMSU
082 04 - NÚMERO DE CLASIFICACIÓN DECIMAL DE DEWEY
Classification number RD863.44
Item number C965c 2005
Edition number 22
245 03 - MENCIÓN DE TITULO
Título El cuento contemporáneo de Santiago (1980-2005) /
Mención de responsabilidad selección y prólogo Máximo Vega ; coordinador de publicaciones Dulis González ; editor José M. Fernández Pequeño.
260 ## - PUBLICACIÓN, DISTRIBUCIÓN, ETC. (PIE DE IMPRENTA)
Lugar de publicación, distribución, etc Santo Domingo :
Nombre del editor, distribuidor, etc. Dirección General de la Feria del Libro,
Fecha de publicación, distribución, etc 2005.
300 ## - DESCRIPCIÓN FÍSICA
Extensión 91 p. ;
Dimensiones 23 cm.
490 1# - MENCIÓN DE SERIES
Mención de serie Ediciones Ferilibro ;
Volume/sequential designation 75
505 0# - NOTA DE CONTENIDO
Campo enlazado y núm. de secuencia
Texto normalizado de contenido Presentación/ Alejandro Arvelo -- Prólogo/ Máximo Vega -- Manuel Llibre Otero/ Inexistencia -- Luis R. Santos/ Tiene que matar al perro -- Rosa Silverio/ Mi amante -- Pedro Pablo Marte/ Chanzas -- Rafael P. Rodríguez/ Remigio Cárdenas -- Rosa Julia Vargas/ Final Final -- Luis Córdova/ No le temas a la noche -- José D' Laura/ Weeks -- Altagracia Pérez/ La pasión de Mallías González -- José Acosta/ El efecto dominó.
650 #4 - ENCABEZAMIENTO DE MATERIA--TEMÁTICO
Término temático o nombre geográfico como elemento de entrada Cuentos dominicanos
Subdivisión de forma Colecciones
650 #4 - ENCABEZAMIENTO DE MATERIA--TEMÁTICO
Término temático o nombre geográfico como elemento de entrada Literatura dominicana
700 1# - ASIENTO SECUNDARIO -- NOMBRE PERSONAL
Nombre personal Vega, Máximo,
Mención de responsabilidad pról.
700 12 - ASIENTO SECUNDARIO -- NOMBRE PERSONAL
Nombre personal Fernández Pequeño, José M.,
Mención de responsabilidad ed.
830 #0 - ASIENTO SECUNDARIO DE SERIE--TÍTULO UNIFORME
Título uniforme Ediciones Ferilibro ;
Número de la parte o sección de una obra 75
910 ## - VALIDACIÓN
Validación VMateo V./Validado. Control de calidad MFF
942 ## - ADDED ENTRY ELEMENTS (KOHA)
Source of classification or shelving scheme Dewey Decimal Classification
Koha item type Libros
945 ## - INFORMACIÓN DE PROCESAMIENTO LOCAL
Información de procesamiento local Inventariado / 2017 VM
956 ## - LOCAL ELECTRONIC LOCATION AND ACCESS (OCLC)
Nombre de host VMATEO
Número de acceso 10
Información de compresión 20150409
Inicio de sesión BPMSU
Procesador de solicitud 00151
Existencias
Withdrawn status Lost status Source of classification or shelving scheme Damaged status Not for loan Collection code Home library Current library Date acquired Source of acquisition Full call number Barcode Date last seen Copy number Price effective from Koha item type Total Checkouts
    Dewey Decimal Classification     Colección Dominicana Biblioteca Pública Metropolitana Salomé Ureña Biblioteca Pública Metropolitana Salomé Ureña 04/09/2015 BNPHU BPMSU CD RD863.44 C965c 2005 BPMSU15040350 04/09/2015 e.2 04/09/2015 Libros  
    Dewey Decimal Classification     Colección Dominicana Biblioteca Pública Metropolitana Salomé Ureña Biblioteca Pública Metropolitana Salomé Ureña 11/10/2017   BPMSU CD RD863.44 C965c 2005 BPMSU17110143 11/10/2017   11/10/2017 Referencia  
    Dewey Decimal Classification     Colección Dominicana Biblioteca Pública Metropolitana Salomé Ureña Biblioteca Pública Metropolitana Salomé Ureña 11/10/2017   BPMSU CD RD863.44 C965c 2005 BPMSU24050014 05/24/2024 e.3 11/10/2017 Referencia